58 - Né(es) un 27 février - Statistiques

Statistiques générales
  • Ce quiz a été pris 8 fois
  • Le résultat moyen est 3 sur 7
Statistiques - réponses
Hint Année de naissance Réponse % Correct
Styliste japonais. Plus connu par son simple prénom, que porte sa marque de vêtements, d'accessoires et de parfums. 1939 Kenzō Takada|Kenzo
100%
Joueur de football franco-philippin. Gardien. Champion du monde en 2018. 1993 Alphonse Areola
75%
Homme d'affaires français devenu président-directeur général de France Télécom le 27 février 2007. 1942 Didier Lombard
25%
Philosophe français. Connu pour "La Métaphore vive", "Temps et récit", "Soi-même comme un autre", "Le Conflit des interprétations". 1913 Paul Ricoeur
25%
Empereur romain d'Occident de 310 à 324. Ses réformes favorisent largement l'essor du christianisme. 272 Constantin Ier
13%
Première aviatrice française à accrocher de nombreux records féminins d'aviation. Par exemple: le premier record féminin de distance de vol (1 058 km). 1898 Maryse Bastié|Marie-Louise Bombec
13%
Homme politique américain. Connu pour sa campagne contre l'irresponsabilité de l'industrie automobile sur les questions de sécurité. Candidat à l'élection présidentielle pour le Green Party en 1996. 1934 Ralph Nader
13%
Aucun quiz correspondant
Distribution des résultats
% des personnes avec chaque résultat
Percentile par nombre de réponses
Votre historique - résultats
Vous n’avez pas pris ce quiz